000 00288nam a22001217a 4500
008 180806b xxu||||| |||| 00| 0 eng d
082 _a813.52
245 _aDead Boys Younger, Louder & Snottier
_cBomp
260 _c1997
300 _a1
_fCD
440 _x39928002750138
942 _2ddc
_cMX
999 _c46831
_d46831